| 000 | 02109cam a22006014i 4500 | ||
|---|---|---|---|
| 003 | PE-LiUPU | ||
| 005 | 20250731170449.0 | ||
| 008 | 150706s2004 ag r 000 0 spa d | ||
| 020 | _a9501269914 | ||
| 020 | _a9789501269918 | ||
| 035 | _a(Sirsi) i9789501269918 | ||
| 040 |
_aPE-LiUPU _bspa _cPE-LiUPU _dPE-LiUPU _erda |
||
| 049 | _aPRUA | ||
| 082 | 0 | 4 |
_a158.2 _bV22 _221 |
| 100 | 1 |
_aValtier, Alain, _eautor. |
|
| 245 | 1 | 3 |
_aLa soledad en pareja : _bislas del sentimiento amoroso / _cAlain Valtier. |
| 264 | 1 |
_aBuenos Aires : _bPaidós, _c2004. |
|
| 300 |
_a234 páginas ; _c23 centímetros. |
||
| 336 |
_atext _2rdacontent |
||
| 337 |
_aunmediated _2rdamedia |
||
| 338 |
_avolume _2rdacarrier |
||
| 490 | 0 |
_aPaidós contextos ; _v91 |
|
| 505 | 0 | _aEl teatro de la intimidad -- Aislados, abandonados, desolados, pero no resignados -- ¿Hay una pareja en la sala? - ¿Edipo? ¡Un mero fantasma! -- Estados de la pareja -- Lucy y André, una pareja paterna -- Palabra y sexualidad -- Cuando Freud se vuelve Sigmund -- La casa y el mundo -- El tiempo en el diván. | |
| 526 | _aSEG68 | ||
| 526 | _aSEG70 | ||
| 526 | _aSEG69 | ||
| 526 | _aSEG67 | ||
| 526 | _aSEG43 | ||
| 526 | _aP144 | ||
| 526 | _aP143 | ||
| 526 | _aP131 | ||
| 526 | _aP122 | ||
| 526 | _aP120 | ||
| 526 | _aP117 | ||
| 526 | _aP112 | ||
| 526 | _aP110 | ||
| 526 | _aP106 | ||
| 526 | _aP101 | ||
| 526 | _aP80 | ||
| 526 | _aP59 | ||
| 526 | _aP54 | ||
| 526 | _aP35 | ||
| 526 | _aP33 | ||
| 526 | _aP30 | ||
| 541 | _g001-0031616; | ||
| 650 | 0 | 4 |
_aRelaciones interpersonales. _95210 |
| 910 |
_bjv _cjvm _d20100614 |
||
| 942 |
_2ddc _cBOOK |
||
| 949 |
_a158.2 V22 _wDEWEY _c1 _i61822 _lCCODEBUL1 _mBUL _p30.00 _r0 _sY _tBOOK _u2015-7-6 _xSALUD _PP33 _0COMPRA _o.STAFF. Colección Ciencias de la Salud |
||
| 994 |
_aC0 _bPEPRU |
||
| 596 | _a1 | ||
| 999 |
_a158.2 V22 _wDEWEY _c50960 _i61822 _d50960 _f2021-11-3 _g5 _lCCODEBUL1 _mBUL _p30.00 _q2 _r0 _sY _tBOOK _u2015-7-6 _xSALUD _zP33 _0COMPRA _o.STAFF. Colección Ciencias de la Salud |
||
| 980 |
_81 _gALBERTO SANCHEZ Responsable de Automatización |
||